|
|
|
|
| LEADER |
01215nam a2200313 a 4500 |
| 001 |
43829 |
| 003 |
BD-DhAAL |
| 005 |
20241201131345.0 |
| 008 |
241201t1998 nyu 000 1 eng d |
| 010 |
|
|
|a 97047484
|
| 020 |
|
|
|a 0385490992 (hc.)
|
| 020 |
|
|
|a 038549100X (lg. print)
|
| 020 |
|
|
|a 0385491018 (limited ed.)
|
| 040 |
|
|
|a DLC
|c DLC
|d DLC
|d OCoLC
|d DLC
|d BD-DhAAL
|
| 043 |
|
|
|a n-us-dc
|
| 050 |
0 |
0 |
|a PS3557.R5355
|b S7 1998
|
| 082 |
0 |
0 |
|a 813.54
|2 23
|
| 100 |
1 |
|
|a Grisham, John.
|
| 245 |
1 |
4 |
|a The street lawyer /
|c John Grisham.
|
| 250 |
|
|
|a First edition.
|
| 260 |
|
|
|a New York :
|b Doubleday,
|c 1998.
|
| 300 |
|
|
|a 348 pages ;
|c 25 cm
|
| 541 |
|
|
|a Donated by Farhana Zahir (Assistant Professor, BBS)
|e 43829
|
| 650 |
|
|
|a Lawyers
|z United States
|x Fiction.
|9 57214
|
| 650 |
|
|
|a Homeless persons
|z United States
|x Fiction.
|9 57215
|
| 852 |
|
|
|a Ayesha Abed Library
|c General Stacks
|
| 942 |
|
|
|2 ddc
|c BK
|
| 999 |
|
|
|c 47161
|d 47161
|
| 952 |
|
|
|0 0
|1 0
|2 ddc
|4 0
|6 813_540000000000000_GRI
|7 0
|9 76977
|a BRACUL
|b BRACUL
|c GEN
|d 2024-12-01
|e Donated by Farhana Zahir (Assistant Professor, BBS)
|l 4
|m 10
|o 813.54 GRI
|p 3010043829
|r 2026-02-02
|s 2026-01-16
|t 1
|w 2024-12-01
|y BK
|x Donated by Farhana Zahir (Assistant Professor, BBS) ; USD 27.95
|